000
00339nam a22001457a 4500
008
210310b ||||| |||| 00| 0 eng d
020
_a
0534633633
041
_a
eng
080
_2
4th
_a
159.9
082
_a
159.9
100
_a
49
101
_a
PSI
245
_a
Abnormal Psychology an Integrative approach
_c
Barlow,H.D
942
_2
udc
_c
BK
999
_c
56275
_d
56275